Statistics for U.S. Geography True or False

Click here to take the quiz!

General Stats

  • This quiz has been taken 5,640 times
  • The average score is 11 of 15

Answer Stats

QuestionAnswer% Correct
The Great Salt Lake is one of the Great LakesFalse
97%
Colorado borders UtahTrue
93%
Most of the land in Nevada is owned by the federal governmentTrue
88%
Indiana borders one of the Great LakesTrue
81%
If you sail due east from Boston, the first land you hit would be Great BritainFalse
80%
Oakland is a suburb of Los AngelesFalse
77%
There are no active volcanoes in the U.S. east of the Mississippi RiverTrue
74%
There are no deserts in the U.S. east of the Mississippi RiverTrue
74%
St. Louis is west of the Mississippi RiverTrue
70%
Hollywood is the name of a city in CaliforniaFalse
68%
More than 1/3rd of people in Louisiana speak French as a first languageFalse
68%
Detroit is on the Canadian borderTrue
68%
It is possible to see Russian territory from the suburbs of AnchorageFalse
67%
The state of New York has lost population since 2016True
63%
Parts of Maine are further north than parts of AlaskaFalse
53%

Score Distribution

Percentile by Number Answered

Percent of People with Each Score

Your Score History

You have not taken this quiz